| 000 | 00639nam a2200193Ia 4500 | ||
|---|---|---|---|
| 003 | LDD | ||
| 008 | 190117s9999 xx 000 0 und d | ||
| 020 |
_a9788176752107 _c₹300 |
||
| 040 | _cLDD | ||
| 041 | _ahi | ||
| 082 | _a8H3.7 शा7603रा | ||
| 100 | _aशाही, विनोद | ||
| 245 | 0 |
_aराम कथा एक पुर्नपाठ _cविनोद शाही |
|
| 260 |
_aपंचकूला _bआधार प्रकाशन _c2008 |
||
| 300 | _a230 | ||
| 901 | _aKGP 00 | ||
| 904 | _aReqst by : Jitendra Kumar Srivasta | ||
| 942 |
_2ddc _cH |
||
| 999 |
_c171676 _d171676 |
||